000 00442nam a2200157Ia 4500
008 210716s2018 xx 000 0 und d
020 _a9788126557868
041 _aeng
082 _a621.3821 BURM
100 _aBurton, Michael.
245 _aAndroid application development: for dummies.
_bFor dummies.
250 _a3
260 _aNew Delhi
_bWiley India Pvt Ltd
_c2018
300 _axii,418
650 _aCommunication Network(621.3821)
999 _c196988
_d196988